[Event "Mechanics' Fall TNM; 30/90, SD/30"]
[Site "San Francisco"]
[Date "2010.10.20"]
[Round "1.4"]
[White "Chamberlain, Ethan"]
[Black "Manvelyan, Hayk"]
[Result "0-1"]
[WhiteElo "1703"]
[BlackElo "2167"]
[PlyCount "64"]
[EventDate "2010.??.??"]

1. e4 e6 2. d4 d5 3. exd5 exd5 4. c4 Nf6 5. Nc3 Be7 6. Qa4+ Bd7 7. Qb3 Nc6 8.
Be3 Na5 9. Qc2 dxc4 10. b3 cxb3 11. axb3 Nc6 12. Ra4 Nb4 13. Rxb4 Bxb4 14. Bd3
O-O 15. Nge2 c6 16. O-O Bxc3 17. Nxc3 Be6 18. Rd1 Bd5 19. Bg5 h6 20. Bh4 Re8
21. Qb2 Qd6 22. b4 a5 23. b5 a4 24. bxc6 bxc6 25. Nxd5 Nxd5 26. Bg3 Qb4 27.
Qxb4 Nxb4 28. Bc4 a3 29. Be5 a2 30. Ra1 Nc2 31. Rxa2 Rxa2 32. Bxa2 Nxd4 0-1

[Event "Mechanics' Fall TNM; 30/90, SD/30"]
[Site "San Francisco"]
[Date "2010.11.16"]
[Round "5.13"]
[White "Chamberlain, Ethan"]
[Black "Ochoa, Jason"]
[Result "0-1"]
[WhiteElo "1703"]
[BlackElo "1900"]
[PlyCount "78"]
[EventDate "2010.??.??"]

1. e4 Nc6 2. Nf3 e5 3. Bc4 Bc5 4. b4 Bxb4 5. c3 Bc5 6. d4 exd4 7. cxd4 Bb4+ 8.
Bd2 Qe7 9. O-O Bxd2 10. Nbxd2 Nh6 11. Re1 O-O 12. d5 Ne5 13. Nxe5 Qxe5 14. Nf3
Qh5 15. d6 Qc5 16. Qc2 Qxd6 17. e5 Qe7 18. Bd3 g6 19. Qxc7 Qd8 20. Qc1 Kg7 21.
Re4 d5 22. exd6 Qxd6 23. Rh4 Ng8 24. Bc4 h6 25. Qe3 Bf5 26. Nd4 Bd7 27. Rd1 Qc7
28. Bb3 Rae8 29. Qd2 g5 30. Qb2 Nf6 31. Rh3 Bxh3 32. gxh3 Qe5 33. Qb1 Ne4 34.
Nf3 Qf6 35. Rd3 Nc3 36. Qf1 Ne2+ 37. Kh1 Nf4 38. Rd7 Re7 39. Rd1 Qc3 0-1

[Event "Mechanics' Fall TNM; 30/90, SD/30"]
[Site "San Francisco"]
[Date "2010.12.14"]
[Round "9.13"]
[White "Chamberlain, Ethan"]
[Black "Wang, Yuan"]
[Result "0-1"]
[WhiteElo "1703"]
[BlackElo "1894"]
[PlyCount "56"]
[EventDate "2010.??.??"]

1. e4 c5 2. Nf3 d6 3. d4 cxd4 4. Nxd4 Nf6 5. Nc3 g6 6. Be3 Bg7 7. f3 O-O 8. Qd2
Nc6 9. O-O-O d5 10. exd5 Nxd5 11. Nxc6 bxc6 12. Bd4 e5 13. Bc5 Be6 14. Ne4 Re8
15. Qf2 Qa5 16. Bc4 Rab8 17. Rd3 Bh6+ 18. Kb1 Nb4 19. Ra3 Qxa3 20. Bxe6 Rxe6
21. bxa3 Nd3+ 22. Ka1 Nxf2 23. Bxf2 f5 24. Nc5 Bd2 25. Nb3 Bc3+ 26. Kb1 e4 27.
fxe4 a5 28. a4 Rxe4 0-1

[Event "Mechanics' Fall TNM; 30/90, SD/30"]
[Site "San Francisco"]
[Date "2010.11.16"]
[Round "5.11"]
[White "Chernobilskiy, Mikhail"]
[Black "Fuentes, Romulo"]
[Result "0-1"]
[WhiteElo "1842"]
[BlackElo "2235"]
[PlyCount "56"]
[EventDate "2010.??.??"]

1. e4 c5 2. Nf3 e6 3. d4 cxd4 4. Nxd4 Nf6 5. Bd3 a6 6. c4 Qc7 7. Qf3 Bc5 8. Nc2
Nc6 9. O-O Bd6 10. g3 h5 11. Bg5 Ng4 12. Rd1 Nce5 13. Qe2 h4 14. Ne3 Nxe3 15.
Bxe3 hxg3 16. hxg3 Nxd3 17. Qxd3 Bxg3 18. Nc3 Bf4 19. Bd4 Rh5 20. Na4 b5 21.
cxb5 axb5 22. Nc5 Rxc5 23. Bxc5 Qxc5 24. b4 Qg5+ 25. Kf1 Kf8 26. a4 bxa4 27. b5
Bb7 28. b6 Bc6 0-1

[Event "Mechanics' Fall TNM; 30/90, SD/30"]
[Site "San Francisco"]
[Date "2010.11.09"]
[Round "4.8"]
[White "Chernobilskiy, Mikhail"]
[Black "Manvelyan, Hovik"]
[Result "0-1"]
[WhiteElo "1842"]
[BlackElo "2023"]
[PlyCount "48"]
[EventDate "2010.??.??"]

1. e4 c6 2. d4 d5 3. f3 e6 4. Be3 dxe4 5. Nd2 exf3 6. Ngxf3 Nf6 7. Bd3 Nd5 8.
Bf2 Nf4 9. Bf1 Nd7 10. g3 Nd5 11. c4 N5f6 12. Qe2 Be7 13. Bh3 O-O 14. O-O c5
15. Rae1 cxd4 16. Nxd4 Nb8 17. N2f3 Bc5 18. Nxe6 Bxf2+ 19. Rxf2 Bxe6 20. Bxe6
fxe6 21. Qxe6+ Kh8 22. Ne5 Qe8 23. Qxe8 Rxe8 24. Nf7+ Kg8 0-1

[Event "Mechanics' Fall TNM; 30/90, SD/30"]
[Site "San Francisco"]
[Date "2010.12.07"]
[Round "8.17"]
[White "Chernobilskiy, Mikhail"]
[Black "Mar, Henry"]
[Result "1-0"]
[WhiteElo "1842"]
[BlackElo "1556"]
[PlyCount "104"]
[EventDate "2010.??.??"]

1. g4 d5 2. Bg2 Bxg4 3. c4 c6 4. cxd5 Qd7 5. Qb3 Nf6 6. Nc3 g6 7. e4 Bg7 8. h3
Bh5 9. e5 Ng8 10. e6 fxe6 11. dxe6 Qc7 12. d4 Bxd4 13. Nge2 Bg7 14. Bf4 Qb6 15.
Qc4 Nf6 16. O-O O-O 17. Be3 Qc7 18. Nf4 Na6 19. Rac1 Rad8 20. b4 Qe5 21. Nd3
Qf5 22. Nc5 Nxc5 23. Bxc5 Rfe8 24. Rfe1 Bf3 25. Bxf3 Qxf3 26. Re3 Qh5 27. Rce1
Bh6 28. Rd3 Qg5+ 29. Kh1 Rxd3 30. Qxd3 Qd2 31. Rd1 Qxd3 32. Rxd3 a6 33. f3 Bf8
34. Be3 Nh5 35. Ne4 Ng7 36. Nc5 b6 37. Nxa6 Nxe6 38. Bxb6 Nf4 39. Rc3 Ra8 40.
Bc7 Nd5 41. Rxc6 Nxc7 42. Nxc7 Rxa2 43. b5 Rb2 44. b6 Bh6 45. Ne6 Rb1+ 46. Kg2
Be3 47. Rc8+ Kf7 48. b7 Rxb7 49. Nd8+ Kf6 50. Nxb7 h5 51. Nc5 Kf7 52. Ne4 h4 {
remainder illegible} 1-0

[Event "Mechanics' Fall TNM; 30/90, SD/30"]
[Site "San Francisco"]
[Date "2010.11.03"]
[Round "3.24"]
[White "Clarke, Steven"]
[Black "Allen, Tom"]
[Result "1-0"]
[WhiteElo "1492"]
[BlackElo "1530"]
[PlyCount "49"]
[EventDate "2010.??.??"]

1. d4 d5 2. Nf3 Nc6 3. e3 Bg4 4. h3 Bxf3 5. Qxf3 e5 6. dxe5 Nxe5 7. Qd1 Nf6 8.
Nc3 Bb4 9. Bd2 O-O 10. Be2 Re8 11. O-O c6 12. a3 Bd6 13. Nb1 Ne4 14. Be1 Ng6
15. Nd2 Qf6 16. Nxe4 dxe4 17. Bc3 Qh4 18. Qxd6 Rad8 19. Qb4 Rd5 20. Rad1 Rg5
21. Bg4 Ne5 22. Qe7 Nf3+ 23. Kh1 h5 24. Qxe8+ Kh7 25. Qxe4+ 1-0

[Event "Mechanics' Fall TNM; 30/90, SD/30"]
[Site "San Francisco"]
[Date "2010.11.16"]
[Round "5.26"]
[White "Clarke, Steven"]
[Black "Capdeville, Barry"]
[Result "1/2-1/2"]
[WhiteElo "1492"]
[BlackElo "1298"]
[PlyCount "107"]
[EventDate "2010.??.??"]

1. d4 Nf6 2. Nf3 e6 3. c4 c5 4. Nc3 cxd4 5. Nxd4 a6 6. e4 d6 7. Bd3 Be7 8. O-O
O-O 9. f3 Nc6 10. Nde2 Ne5 11. Be3 Nxd3 12. Qxd3 b6 13. Rfd1 Qc7 14. b3 Bb7 15.
Nd4 Rfd8 16. Qf1 d5 17. exd5 exd5 18. Nxd5 Nxd5 19. cxd5 Bxd5 20. Rac1 Bc5 21.
b4 Qe5 22. bxc5 Qxe3+ 23. Qf2 Qxf2+ 24. Kxf2 bxc5 25. Rxc5 Bxa2 26. Rdc1 g6 27.
Ne2 Rd5 28. Rc8+ Rxc8 29. Rxc8+ Kg7 30. Nc3 Rd2+ 31. Kg3 Be6 32. Ne4 Bxc8 (
32... Rxg2+ 33. Kxg2 Bxc8) 33. Nxd2 Kf6 34. Kf4 Bf5 35. Ne4+ Bxe4 36. Kxe4 Ke6
37. g3 Kd6 38. Kd4 Kc6 39. Kc4 Kb6 40. Kb4 a5+ 41. Ka4 Kc5 42. Kxa5 Kd4 43. Kb6
Ke3 44. f4 Kf3 45. Kc6 Kg2 46. Kd6 Kxh2 47. g4 Kg3 48. f5 Kxg4 49. f6 h5 50.
Ke7 h4 51. Kxf7 h3 52. Kxg6 h2 53. f7 h1=Q 54. f8=Q 1/2-1/2

[Event "Mechanics' Fall TNM; 30/90, SD/30"]
[Site "San Francisco"]
[Date "2010.12.14"]
[Round "9.22"]
[White "Clarke, Steven"]
[Black "Olson, David"]
[Result "1-0"]
[WhiteElo "1492"]
[BlackElo "1406"]
[PlyCount "75"]
[EventDate "2010.??.??"]

1. d4 d5 2. c4 e6 3. Nf3 Nf6 4. Bg5 Be7 5. e3 Ne4 6. Bxe7 Qxe7 7. Bd3 f5 8. O-O
O-O 9. Nbd2 b6 10. cxd5 exd5 11. Ne5 c5 12. Ndf3 Na6 13. a3 c4 14. Bc2 Rf6 15.
Ba4 Bb7 16. Nd2 Nc7 17. Nxe4 fxe4 18. f3 b5 19. Bc2 Raf8 20. Qe2 Rh6 21. fxe4
dxe4 22. Rxf8+ Qxf8 23. Rf1 Rf6 24. Rxf6 Qxf6 25. Qg4 Qe6 26. Qh4 Qf6 27. Qg4
Qe6 28. Bd1 Qxg4 29. Bxg4 Nd5 30. Kf2 c3 31. Be6+ Kf8 32. Bxd5 cxb2 (32... c2
$1 $19) 33. Ba2 Bd5 34. Bb1 a5 35. Ke2 a4 36. Nd7+ Ke7 37. Nb6 b4 38. Nxd5+ 1-0

[Event "Mechanics' Fall TNM; 30/90, SD/30"]
[Site "San Francisco"]
[Date "2010.11.16"]
[Round "5.12"]
[White "Dembling, Arthur"]
[Black "Anderson, Michael"]
[Result "1/2-1/2"]
[WhiteElo "1775"]
[BlackElo "1910"]
[PlyCount "97"]
[EventDate "2010.??.??"]

1. e4 c5 2. Nf3 e6 3. d4 cxd4 4. Nxd4 a6 5. Nc3 Nc6 6. Be3 Nge7 7. Qd2 Nxd4 8.
Bxd4 Nc6 9. Be3 b5 10. Be2 Be7 11. O-O O-O 12. Rad1 d6 13. f4 Bb7 14. Bf3 Rc8
15. Ne2 Qc7 16. Ng3 Nb8 17. c3 Nd7 18. e5 d5 19. Ne2 Nb6 20. b3 Nd7 21. Rc1 Ba3
22. Rc2 Rfd8 23. Nd4 Bc5 24. Kh1 Bxd4 25. Bxd4 Nb8 26. Qe3 Re8 27. Bg4 Nc6 28.
Bb6 Qd7 29. Bc5 Ne7 30. Bd6 Nf5 31. Bxf5 exf5 32. Qd3 Qe6 33. Qd4 Rc6 34. h3
Rec8 35. Bb4 h6 36. Rd1 Qg6 37. Kh2 Qh5 38. Rd3 Rg6 39. Rg3 Rxg3 40. Kxg3 Qg6+
41. Kh2 Qc6 42. Rd2 Qc7 43. Rd3 a5 44. Bd6 Qc6 45. Rg3 Qe8 46. Qb6 (46. e6 $18
g6 (46... g5 47. e7 $1) 47. Qf6) 46... Qc6 47. Qd4 Qe8 48. Qb6 Qc6 49. Qd4
1/2-1/2

[Event "Mechanics' Fall TNM; 30/90, SD/30"]
[Site "San Francisco"]
[Date "2010.10.20"]
[Round "1.2"]
[White "Dembling, Arthur"]
[Black "Fuentes, Romulo"]
[Result "0-1"]
[WhiteElo "1775"]
[BlackElo "2235"]
[PlyCount "60"]
[EventDate "2010.??.??"]

1. e4 c5 2. Nf3 d6 3. Bb5+ Nc6 4. O-O e5 5. c3 a6 6. Bxc6+ bxc6 7. d4 cxd4 8.
cxd4 Qc7 9. dxe5 dxe5 10. Nc3 Rb8 11. Qc2 Bg4 12. Nd2 Nf6 13. f3 Bc5+ 14. Kh1
Be6 15. Nb3 Bb4 16. Bg5 Qb7 17. Rfd1 Nd7 18. Be3 O-O 19. Rac1 Rfc8 20. Qd3 Bxb3
21. axb3 Nf8 22. Qc4 Ne6 23. Ne2 h6 24. Rd3 Bf8 25. Ra1 Rd8 26. Rad1 Rxd3 27.
Rxd3 Qb5 28. Qc2 Bc5 29. Nc1 Bxe3 30. Rxe3 Qf1# 0-1

[Event "Mechanics' Fall TNM; 30/90, SD/30"]
[Site "San Francisco"]
[Date "2010.12.07"]
[Round "8.7"]
[White "Dembling, Arthur"]
[Black "Grey, Peter"]
[Result "0-1"]
[WhiteElo "1775"]
[BlackElo "2016"]
[PlyCount "64"]
[EventDate "2010.??.??"]

1. e4 c5 2. Nf3 e6 3. d4 cxd4 4. Nxd4 Nf6 5. Nc3 Nc6 6. Ndb5 d6 7. Bf4 e5 8.
Bg5 a6 9. Na3 b5 10. Bxf6 gxf6 11. Nd5 Bg7 12. Bd3 Ne7 13. Nxe7 Qxe7 14. Qh5 d5
15. O-O f5 16. exd5 e4 17. Be2 Bxb2 18. Rad1 Bxa3 19. Qh6 Bd6 20. Rfe1 Qe5 21.
Bh5 Qxh2+ 22. Kf1 Qe5 23. Bf3 Bd7 24. Qd2 O-O 25. Bh5 f4 26. Be2 e3 27. fxe3
fxe3 28. Qd4 Qxd4 29. Rxd4 f5 30. Bd3 f4 31. Kg1 Bc5 32. Re4 Rae8 0-1

[Event "Mechanics' Fall TNM; 30/90, SD/30"]
[Site "San Francisco"]
[Date "2010.11.16"]
[Round "5.15"]
[White "Drane, Robert"]
[Black "Banik, Siddharth"]
[Result "0-1"]
[WhiteElo "1872"]
[BlackElo "1753"]
[PlyCount "72"]
[EventDate "2010.??.??"]

1. e4 c5 2. Nf3 Nc6 3. Bb5 g6 4. Bxc6 bxc6 5. O-O Bg7 6. Re1 e6 7. Nc3 Ne7 8.
d3 O-O 9. Bf4 d6 10. Qd2 e5 11. Bh6 f6 12. h3 Be6 13. Bxg7 Kxg7 14. b3 h6 15.
Ne2 f5 16. exf5 Bxf5 17. Nc3 Bxh3 18. Nxe5 dxe5 19. gxh3 Nf5 20. Qe2 Qg5+ 21.
Qg4 Qxg4+ 22. hxg4 Nd4 23. Rac1 Rf4 24. Kf1 Rxg4 25. Ne4 h5 26. Nxc5 h4 27. c3
Nf5 28. Ke2 h3 29. Rh1 Rh8 30. Rh2 g5 31. Nd7 e4 32. d4 Rg2 33. Rxg2 hxg2 34.
Rg1 Rh2 35. Ne5 Nh4 36. f4 gxf4 0-1

[Event "Mechanics' Fall TNM; 30/90, SD/30"]
[Site "San Francisco"]
[Date "2010.10.20"]
[Round "1.19"]
[White "Drane, Robert"]
[Black "Clarke, Steven"]
[Result "1-0"]
[WhiteElo "1872"]
[BlackElo "1492"]
[PlyCount "46"]
[EventDate "2010.??.??"]

1. e4 e6 2. f4 d5 3. e5 c5 4. c3 Nc6 5. Na3 Qb6 6. d3 Nge7 7. Nf3 Nf5 8. g3 Be7
9. Bh3 a6 10. Qe2 Qa7 11. Nc2 Bd7 12. Bxf5 exf5 13. b3 d4 14. cxd4 Nxd4 15.
Nfxd4 cxd4 16. Bb2 Bc6 17. Rf1 Bc5 18. b4 Qb6 19. Ba3 Be7 20. Qd2 O-O 21. Bb2
Rfd8 22. a4 a5 23. b5 Bf3 $4 1-0

[Event "Mechanics' Fall TNM; 30/90, SD/30"]
[Site "San Francisco"]
[Date "2010.11.02"]
[Round "3.15"]
[White "Drane, Robert"]
[Black "MacIntyre, Brendan"]
[Result "1-0"]
[WhiteElo "1872"]
[BlackElo "1676"]
[PlyCount "119"]
[EventDate "2010.??.??"]

1. e4 c5 2. Nf3 Nc6 3. Bb5 g6 4. Bxc6 dxc6 5. h3 Bg7 6. Nc3 Nf6 7. d3 O-O 8.
Be3 Nd7 9. Qd2 b5 10. Bh6 a5 11. O-O Qc7 12. Nh2 Nf6 13. Ne2 Rd8 14. Bxg7 Kxg7
15. Qc3 c4 16. dxc4 b4 17. Qe3 Qe5 18. c3 Qxe4 19. Qb6 Be6 20. Rfe1 Qxc4 21. b3
Qa6 22. Qxa6 Rxa6 23. Nf4 bxc3 24. Rxe6 c2 25. Rxe7 c5 26. Ree1 Rad6 27. Ne2
Rd1 28. Nc3 Rxa1 29. Rxa1 Rd3 30. Rc1 Rxc3 31. Nf3 Nd5 32. Ne1 Nf4 33. Rxc2
Rxc2 34. Nxc2 Ne2+ 35. Kf1 Nc1 36. Na3 Nxa2 37. Nc4 Nc1 38. Nxa5 Kf6 39. Ke1
Nd3+ 40. Ke2 Nf4+ 41. Kf3 Nd3 42. Nb7 c4 43. Ke3 Ne5 44. f4 Nc6 45. bxc4 Ke6
46. g4 f5 47. Nc5+ Kd6 48. Nb3 Nb4 49. gxf5 gxf5 50. Nd4 Kc5 51. Nxf5 Kxc4 52.
Ke4 Nc6 53. Nd6+ Kc5 54. Ne8 Ne7 55. f5 Kc6 56. Ke5 h6 57. -- Nxf5 58. Kxf5 Kd7
59. Nf6+ Ke7 60. Kg6 1-0

[Event "Mechanics' Fall TNM; 30/90, SD/30"]
[Site "San Francisco"]
[Date "2010.11.30"]
[Round "7.10"]
[White "Frank, Robert"]
[Black "Krasnov, Steven"]
[Result "0-1"]
[WhiteElo "1291"]
[BlackElo "1926"]
[PlyCount "60"]
[EventDate "2010.??.??"]

1. d4 Nf6 2. Nf3 b6 3. e3 Bb7 4. Bd3 e6 5. Nbd2 c5 6. c3 Nc6 7. O-O Qc7 8. e4
cxd4 9. cxd4 d6 10. a3 a5 11. Re1 Be7 12. Qb3 O-O 13. d5 exd5 14. exd5 Ne5 15.
Nxe5 dxe5 16. Nf3 Bxd5 17. Qa4 e4 18. Bxe4 Bxe4 19. Rxe4 Nxe4 20. Qxe4 Rfe8 21.
Bf4 Qd7 22. Ne5 Qe6 23. Re1 Bc5 24. Qb1 Qb3 25. Qa1 Qc2 26. Bg3 Rad8 27. Qa2
Re6 28. Nf3 Rxe1+ 29. Nxe1 Rd1 30. Kf1 Qd3+ 0-1

[Event "Mechanics' Fall TNM; 30/90, SD/30"]
[Site "San Francisco"]
[Date "2010.11.09"]
[Round "4.4"]
[White "Fuentes, Romulo"]
[Black "Goins, Demetrius"]
[Result "0-1"]
[WhiteElo "2235"]
[BlackElo "2035"]
[PlyCount "68"]
[EventDate "2010.??.??"]

1. e4 c5 2. Nf3 e6 3. d4 cxd4 4. Nxd4 Nf6 5. Nc3 d6 6. Bg5 a6 7. f4 Qc7 8. Qf3
Nbd7 9. O-O-O Be7 10. Be2 Rb8 11. Qg3 b5 12. e5 b4 13. exf6 gxf6 14. Ne4 fxg5
15. Nxg5 Nf6 16. Bf3 h6 17. Qh4 Bd7 18. Rhe1 e5 19. fxe5 dxe5 20. Nxf7 Kxf7 21.
Bh5+ Kf8 22. Rf1 Rb6 23. Nf5 Bxf5 24. Rxf5 Rc6 25. Qf2 Rg8 26. h4 Kg7 27. g4
Rc8 28. Rd2 Bc5 29. Qe2 Bd4 30. g5 Nxh5 31. gxh6+ Kh8 32. Rxh5 Qf7 33. Rg5 Qxa2
34. Rg8+ Qxg8 0-1

[Event "Mechanics' Fall TNM; 30/90, SD/30"]
[Site "San Francisco"]
[Date "2010.11.23"]
[Round "6.5"]
[White "Fuentes, Romulo"]
[Black "Grey, Peter"]
[Result "1-0"]
[WhiteElo "2235"]
[BlackElo "2016"]
[PlyCount "107"]
[EventDate "2010.??.??"]

1. e4 e5 2. Nf3 Nc6 3. d4 exd4 4. Bc4 Nf6 5. e5 Ng4 6. Qe2 Qe7 7. Bf4 d6 8.
exd6 Qxe2+ 9. Bxe2 Bxd6 10. Bxd6 cxd6 11. Na3 Nge5 12. Nb5 d3 13. cxd3 Ke7 14.
O-O Bg4 15. Rfe1 Bxf3 16. Bxf3 Kd7 17. Be4 g6 18. f4 Ng4 19. Bd5 Rhf8 20. Rac1
Nf6 21. Bf3 a6 22. Nc3 Rae8 23. Red1 Nd4 24. Bxb7 Rb8 25. Bxa6 Rxb2 26. Rb1
Rfb8 27. Rxb2 Rxb2 28. h3 Rc2 29. Ne4 Ne2+ 30. Kh1 Nxe4 31. dxe4 Ng3+ 32. Kh2
Nxe4 33. Bd3 Rd2 34. Rxd2 Nxd2 35. Kg3 f5 36. Kf2 d5 37. Ke3 Ne4 38. Kd4 Kd6
39. g4 Ke6 40. a4 Kd6 41. a5 Nc5 42. gxf5 Nb3+ 43. Ke3 Nxa5 44. fxg6 hxg6 45.
Bxg6 Nc6 46. h4 Ke6 47. Bc2 Kf6 48. Ba4 Ne7 49. Kf3 Nf5 50. h5 d4 51. Bc2 Ng7
52. Kg4 Ne6 53. f5 Nc5 54. h6 1-0

[Event "Mechanics' Fall TNM; 30/90, SD/30"]
[Site "San Francisco"]
[Date "2010.12.07"]
[Round "8.3"]
[White "Fuentes, Romulo"]
[Black "Shakhnazarov, Oleg"]
[Result "1-0"]
[WhiteElo "2235"]
[BlackElo "2165"]
[PlyCount "71"]
[EventDate "2010.??.??"]

1. e4 e6 2. d4 Be7 3. Qg4 g6 4. Nc3 d6 5. Be3 Nd7 6. O-O-O a6 7. f4 b5 8. Bd3
Ngf6 9. Qf3 Bb7 10. g4 b4 11. Nce2 h5 12. gxh5 Rxh5 13. Ng3 Rh4 14. Qe2 c5 15.
Nf3 Rh8 16. f5 Qa5 17. fxe6 fxe6 18. Kb1 d5 19. exd5 Bxd5 20. Bxg6+ Kd8 21. b3
Nb6 22. dxc5 Na4 23. bxa4 Qxa4 24. Qc4 Kc8 25. Rxd5 Nxd5 26. Bf7 Qc6 27. Bd4
Kb7 28. Ne5 Qb5 29. Bxe6 Nc3+ 30. Bxc3 bxc3+ 31. Qxb5+ axb5 32. Bd5+ Kc7 33.
Bxa8 Rxa8 34. Ne4 Ra4 35. Nxc3 Rb4+ 36. Ka1 1-0

[Event "Mechanics' Fall TNM; 30/90, SD/30"]
[Site "San Francisco"]
[Date "2010.10.26"]
[Round "2.2"]
[White "Fuentes, Romulo"]
[Black "Todortsev, Victor"]
[Result "0-1"]
[WhiteElo "2235"]
[BlackElo "1922"]
[PlyCount "106"]
[EventDate "2010.??.??"]

1. e4 e5 2. Nf3 Nc6 3. d4 exd4 4. Bc4 d6 5. Nxd4 Nf6 6. O-O Be7 7. Nc3 Ne5 8.
Bb3 O-O 9. f4 Ng6 10. Qf3 Re8 11. Nf5 Bf8 12. Bd2 c6 13. g4 d5 14. e5 Nxg4 15.
Qxg4 Qd7 16. Nh6+ gxh6 17. Qg3 Qg4 18. Kh1 Qxg3 19. hxg3 Bg4 20. Be3 f6 21.
Bxd5+ cxd5 22. Nxd5 fxe5 23. Nf6+ Kh8 24. Nxg4 exf4 25. Bxf4 Nxf4 26. Rxf4 Bg7
27. Rf7 h5 28. Nf2 Rf8 29. Rxf8+ Rxf8 30. Nd3 Re8 31. Nf4 h4 32. gxh4 Re4 33.
Ng2 Re2 34. Rd1 Bxb2 35. Rd8+ Kg7 36. Rd7+ Kh6 37. Rxb7 Bd4 38. Rc7 Rf2 39. Rc4
Rf1+ 40. Kh2 Be5+ 41. Kh3 Kh5 42. Ne3 Rf3+ 43. Kg2 Rxe3 44. Kf2 Rc3 45. Ra4 Bc7
46. Ke2 Bb6 47. Kd2 Rh3 48. c4 Rxh4 49. Kd3 Rd4+ 50. Kc3 Kg4 51. a3 h5 52. Rb4
h4 53. Rb5 h3 0-1

[Event "Mechanics' Fall TNM; 30/90, SD/30"]
[Site "San Francisco"]
[Date "2010.10.26"]
[Round "2.7"]
[White "Gaffagan, Steven"]
[Black "Byambaa, Uyanga"]
[Result "0-1"]
[WhiteElo "2054"]
[BlackElo "1854"]
[PlyCount "72"]
[EventDate "2010.??.??"]

1. d4 f5 2. g3 Nf6 3. Bg2 g6 4. Nh3 Bg7 5. c3 d5 6. Nd2 Nc6 7. Nf3 O-O 8. Nf4
Ne4 9. Nd3 h6 10. h4 b6 11. Bf4 Bb7 12. Qc1 Kh7 13. Qc2 Na5 14. Nde5 c5 15. e3
cxd4 16. exd4 Ba6 17. O-O-O Nc4 18. Ng5+ hxg5 19. hxg5+ Kg8 20. Bxe4 Nxe5 21.
dxe5 fxe4 22. f3 Bd3 23. Qh2 Qc8 24. Rd2 Kf7 25. Re1 Rh8 26. Qf2 Qc4 27. fxe4
dxe4 28. e6+ Ke8 29. Be3 Rf8 30. Bf4 Qxa2 31. Rxd3 Qa1+ 32. Kc2 exd3+ 33. Kb3
Qa5 34. Qf3 Qb5+ 35. Ka2 Rd8 36. Qe4 Qd5+ 0-1

[Event "Mechanics' Fall TNM; 30/90, SD/30"]
[Site "San Francisco"]
[Date "2010.11.09"]
[Round "4.6"]
[White "Gaffagan, Steven"]
[Black "Drane, Robert"]
[Result "1-0"]
[WhiteElo "2054"]
[BlackElo "1872"]
[PlyCount "55"]
[EventDate "2010.??.??"]

1. e4 Nf6 2. e5 Nd5 3. d4 d6 4. Nf3 dxe5 5. Nxe5 c6 6. Bc4 Nd7 7. O-O Nxe5 8.
dxe5 Bf5 9. Qf3 e6 10. Qg3 Qc7 11. Bb3 h6 12. a3 Bc5 13. Nd2 g5 14. Nc4 O-O-O
15. Bd2 Rhg8 16. Ba5 b6 17. Bb4 Nf4 18. Qf3 Ng6 19. Bxc5 bxc5 20. Nd6+ Kb8 21.
Nxf5 Nxe5 22. Qc3 exf5 23. Qxc5 g4 24. Rfd1 Rxd1+ 25. Rxd1 Rg6 26. Rd4 f6 27.
Rb4+ Ka8 28. Qf8+ 1-0

[Event "Mechanics' Fall TNM; 30/90, SD/30"]
[Site "San Francisco"]
[Date "2010.12.07"]
[Round "8.9"]
[White "Gaffagan, Steven"]
[Black "Ramachandran, Jayakrishnan"]
[Result "1-0"]
[WhiteElo "2054"]
[BlackElo "1898"]
[PlyCount "105"]
[EventDate "2010.??.??"]

1. c4 Nf6 2. Nc3 e6 3. g3 g6 4. Bg2 d5 5. d4 Bg7 6. Nf3 c6 7. O-O O-O 8. Bf4
Nh5 9. Bg5 f6 10. Be3 f5 11. Bg5 Bf6 12. Bxf6 Qxf6 13. e3 b6 14. Ne5 Ba6 15.
Qa4 Bb7 16. Rac1 Qe7 17. Rfd1 Nf6 18. Bf1 Nfd7 19. Nxd7 Nxd7 20. cxd5 exd5 21.
Rd2 a5 22. Qb3 Qb4 23. Qd1 Nf6 24. a3 Qe7 25. Na4 b5 26. Nc5 Ne4 27. Rdc2 Rfc8
28. Nd3 b4 29. Bg2 bxa3 30. bxa3 Nd6 31. Ne5 Qe8 32. Nxc6 Bxc6 33. Rxc6 Ne4 34.
Bxe4 fxe4 35. Qc2 Rd8 36. h4 Qe7 37. Rc5 a4 38. Qa2 Qe6 39. Rb1 Ra7 40. Rbb5
Rad7 41. Kh2 Qf5 42. Qc2 Rf8 43. Rb2 g5 44. hxg5 Qxg5 45. Qxe4 Rf6 46. Qe8+ Rf8
47. Qxd7 Qh5+ 48. Qh3 Qf3 49. Qe6+ Kh8 50. Qe5+ Rf6 51. Rc8+ Kg7 52. Rc6 Kf7
53. Qxf6+ 1-0

[Event "Mechanics' Fall TNM; 30/90, SD/30"]
[Site "San Francisco"]
[Date "2010.11.23"]
[Round "6.8"]
[White "Gaffagan, Steven"]
[Black "Wang, Yuan"]
[Result "1/2-1/2"]
[WhiteElo "2054"]
[BlackElo "1894"]
[PlyCount "107"]
[EventDate "2010.??.??"]

1. e4 c5 2. Nf3 d6 3. d4 cxd4 4. Nxd4 Nf6 5. f3 g6 6. c4 Bg7 7. Nc3 O-O 8. Be3
Nc6 9. Qd2 Nd7 10. Be2 Nc5 11. O-O f5 12. exf5 gxf5 13. Rad1 f4 14. Nxc6 fxe3
15. Qd5+ Be6 16. Nxd8 Bxd5 17. Nxd5 Raxd8 18. b4 Ne6 19. Rfe1 Nf4 20. Bf1 Nxd5
21. Rxd5 Rf4 22. Red1 Bc3 23. Rb1 Rd4 24. Rxd4 Bxd4 25. Bd3 a5 26. Kf1 axb4 27.
Rxb4 Ra8 28. c5 Bxc5 29. Bc4+ Kf8 30. Rxb7 Ra4 31. Rb8+ Kg7 32. Rg8+ Kf6 33.
Rg4 Rb4 34. Rf4+ Kg5 35. Rg4+ Kf5 36. Bd3+ Ke5 37. Rxb4 Bxb4 38. Bxh7 Kf4 39.
Ke2 Bc5 40. Bg8 Kf5 41. Bc4 e6 42. Bb3 d5 43. Kd3 d4 44. Bc2 Kf4 45. Ke2 Be7
46. Bb3 Ke5 47. Kd3 Bf6 48. Bc4 Kd6 49. a4 e5 50. a5 Kc5 51. a6 Kb6 52. Ke4 Kc6
53. Bd5+ Kb6 54. Bc4 {both players quit keeping score at this point.} 1/2-1/2

[Event "Mechanics' Fall TNM; 30/90, SD/30"]
[Site "San Francisco"]
[Date "2010.11.02"]
[Round "3.8"]
[White "Goins, Demetrius"]
[Black "Alzhin, Leonid"]
[Result "1-0"]
[WhiteElo "2035"]
[BlackElo "1525"]
[PlyCount "33"]
[EventDate "2010.??.??"]

1. d4 d5 2. c4 Nf6 3. cxd5 Nxd5 4. e4 Nf6 5. Nc3 e6 6. Nf3 Bb4 7. Bd3 Nc6 8.
O-O O-O 9. e5 Nd5 10. Bxh7+ Kxh7 11. Ng5+ Kg8 12. Qh5 Re8 13. Qxf7+ Kh8 14.
Qh5+ Kg8 15. Qh7+ Kf8 16. Qh8+ Ke7 17. Qxg7# 1-0

[Event "Mechanics' Fall TNM; 30/90, SD/30"]
[Site "San Francisco"]
[Date "2010.11.16"]
[Round "5.3"]
[White "Goins, Demetrius"]
[Black "Shakhnazarov, Oleg"]
[Result "1-0"]
[WhiteElo "2035"]
[BlackElo "2165"]
[PlyCount "53"]
[EventDate "2010.??.??"]

1. d4 Nf6 2. Nf3 e6 3. c4 d5 4. Nc3 c6 5. Bg5 Nbd7 6. e3 h6 7. Bh4 Qa5 8. cxd5
Nxd5 9. Qb3 Bb4 10. Rc1 f5 11. Bc4 N7b6 12. O-O O-O 13. Bg3 Bd7 14. Ne5 Rad8
15. Ne2 Be8 16. Nd3 Be7 17. Be5 Nxc4 18. Rxc4 b6 19. Ra4 Qd2 20. Nef4 c5 21.
Rxa7 c4 22. Qxc4 Rc8 $2 23. Qxc8 Nxf4 24. Nxf4 Bf7 25. Qc7 Re8 26. Qc3 Qxc3 27.
bxc3 1-0

[Event "Mechanics' Fall TNM; 30/90, SD/30"]
[Site "San Francisco"]
[Date "2010.11.16"]
[Round "5.5"]
[White "Gray, William"]
[Black "Gaffagan, Steven"]
[Result "1-0"]
[WhiteElo "2006"]
[BlackElo "2054"]
[PlyCount "95"]
[EventDate "2010.??.??"]

1. f4 Nf6 2. Nf3 d5 3. e3 Bg4 4. Be2 c6 5. O-O Nbd7 6. Ne5 Bxe2 7. Qxe2 e6 8.
d3 Qc7 9. Nxd7 Nxd7 10. e4 Bc5+ 11. Kh1 O-O-O 12. c3 dxe4 13. dxe4 f5 14. Nd2
Nf6 15. b4 Bb6 16. c4 Rxd2 17. Bxd2 Bd4 18. exf5 Bxa1 19. Rxa1 exf5 20. Qe6+
Qd7 21. Qxd7+ Kxd7 22. Bc3 Ke6 23. Rd1 Kf7 24. Kg1 Re8 25. Be5 Re7 26. Bxf6
Kxf6 27. Rd4 Re2 28. Rd7 Re4 29. g3 Rxc4 30. Rxb7 Rc1+ 31. Kf2 Rc2+ 32. Kf3
Rxa2 33. Rc7 Ra6 34. Ke3 h5 35. Kd4 Rb6 36. Kc5 Rb5+ 37. Kc4 Rb6 38. Rxa7 g5
39. Kc5 Rb5+ 40. Kc4 Rb6 41. fxg5+ Kxg5 42. Rg7+ Kf6 43. Rh7 Kg6 44. Rd7 Kg5
45. Rd4 Rb5 $2 46. h4+ Kg6 47. Rd6+ Kf7 48. Rxc6 1-0